000 01464nam0a22003131 4500
001 rc\4981783
005 20260407100427.0
021 _aRU
_b[62-35906]
035 _a(NLR Aleph) 008982293
090 _a9193560
_c9193560
100 _a20130430d1962 |||y0rusy50 ca
101 0 _arus
102 _aRU
105 _aab z |||||
200 1 _aРуководство по составлению агрометеорологических прогнозов
_f[Ред. Н.В. Сагатовский]
_gГл. упр. гидрометеорол. службы при Совете Министров СССР. Центр. ин-т прогнозов
210 _aЛенинград
_cГидрометеоиздат
_d1962
215 _a269 с.
_cчерт., карт.
_d22
300 _aСост. глав: Г.И. Борисоглебский, С.А. Вериго, К.В. Кириличева
606 _aАгрометеорологические сводки
_xСоставление
_2psbo
702 1 _aВериго
_bС.А.
_4220
702 1 _aКириличева
_bК.В.
_4220
702 1 _aБорисоглебский
_bГ.И.
_4220
702 1 _aСагатовский
_bН.В.
_gНиколай Владимирович
_4340
712 0 2 _aЦентральный институт прогнозов
_cМосква
_3RU\NLR\AUTH\889926800
_9349299
801 0 _aRU
_bNLR
_gpsbo
801 1 _aRU
_bELAR
_2rusmarc
852 _aNLR
_j62-5/2653
942 _cBOOK
980 _aNB